El Señor es sutil, la ciencia y la vida de Albert Einstein / (Record no. 114045)

MARC details
000 -LEADER
campo de control de longitud fija 00723nam a2200229 i 4500
001 - NÚMERO DE CONTROL
campo de control 114045
003 - IDENTIFICADOR DE NÚMERO DE CONTROL
campo de control ES-MaACL
005 - FECHA Y HORA DE LA ÚLTIMA TRANSACCIÓN
campo de control 20251207124547.0
007 - CAMPO FIJO DE DESCRIPCIÓN FÍSICA--INFORMACIÓN GENERAL
campo de control de longitud fija t|
008 - DATOS DE LONGITUD FIJA--INFORMACIÓN GENERAL
campo de control de longitud fija 061121s1984 sp r ||||1| spa d
100 1# - ENTRADA PRINCIPAL--NOMBRE DE PERSONA
Nombre de persona Pais, Abraham.
9 (RLIN) 88336
245 13 - MENCIÓN DEL TÍTULO
Título El Señor es sutil, la ciencia y la vida de Albert Einstein /
Mención de responsabilidad, etc. Abraham Pais : [traducción de Fidel Alsina].
260 ## - PUBLICACIÓN, DISTRIBUCIÓN, ETC.
Lugar de publicación, distribución, etc. Barcelona :
Nombre del editor, distribuidor, etc. Ariel,
Fecha de publicación, distribución, etc. 1984.
300 ## - DESCRIPCIÓN FÍSICA
Extensión 553 p. 5 lám. ;
Dimensiones 23 cm.
490 1# - MENCIÓN DE SERIE
Mención de serie Methodos
500 ## - NOTA GENERAL
Nota general Retrato de Albert Einstein.
600 14 - PUNTO DE ACCESO ADICIONAL DE MATERIA--NOMBRE DE PERSONA
Nombre de persona Einstein, Albert,
Fechas asociadas al nombre 1879-1955
9 (RLIN) 46838
700 1# - ENTRADA AGREGADA--NOMBRE PERSONAL
Nombre de persona Alsina, Fidel.
9 (RLIN) 20482
830 0# - PUNTO DE ACCESO ADICIONAL DE SERIE-TÍTULO UNIFORME
Título uniforme Methodos
9 (RLIN) 185744
852 ## - LOCALIZACIÓN
Ubicación ES-MaACL
Número de control de estantería L-6375
Sublocalización o colección R.107034
Holdings
Estatus retirado Estado de pérdida Estado de daño No para préstamo Biblioteca de origen Biblioteca actual Ubicación en estantería Fecha de adquisición Fuente de adquisición Total de préstamos Signatura topográfica completa Código de barras Visto por última vez Precio de reemplazo Tipo de ítem Koha
        Biblioteca del Ateneo de Madrid Biblioteca del Ateneo de Madrid Depósito 2 17/01/2008     L-6375 1118935 23/02/2023 23/02/2023 Libro impreso